000 00511nam a22001697a 4500
003 UA-OsUOA
001 10254
007 ta
008 20041229b un ||||| |||| 00| 0 ukr d
942 _cSA
040 _aUA-OsUOA
_cUA-OsUOA
_dUA-OsUOA
245 _aПленум Економічного Суду Співдружності Незалежних Держав
300 _aС.124-126
955 _a0
773 0 _w0
_tПраво України
_dКиїв
_d2004
_gN12
650 7 _aЕкономічний суд
_2UDC
999 _c296415
_d296415